000 01645cam a22004694i 4500
003 PE-LiUPU
005 20250731184533.0
008 150623s r 000 0 d
035 _a(Sirsi) a23129
040 _aPE-LiUPU
_bspa
_cPE-LiUPU
_erda
082 0 4 _a956.94
_bF34
_221
100 1 _aSiegel, Richard,
_eautor.
245 1 4 _aThe first Jewish catalog; a do-it-yourself kit /
_cCompilado y editado por Richard Siegel, Michael Strassfeld [y] Sharon Strassfeld. llustratado por Stu Copans.
264 1 _aPhiladelphia :
_bThe Jewish Publication Society of America,
_c1973.
300 _a298 páginas :
_bilustraciones mapas, fotos, gráficos ;
_c28 cm.
336 _atext
_2rdacontent
337 _aunmediated
_2rdamedia
338 _avolume
_2rdacarrier
505 0 _aThe first Jewish Catalog.
526 _aP136
526 _aP135
526 _aP134
526 _aP133
526 _aP144
526 _aP143
526 _aP87
526 _aP35
526 _aP20
526 _aP14
526 _aP10
526 _aP06
650 0 4 _aJudaísmo
_xCostumbres y prácticas.
650 0 4 _aForma de vida judía.
650 0 4 _aJudios
_vBibliografía.
700 1 _aStrassfeld, Michael
700 1 _aStrassfeld, Sharon.
942 _2ddc
_cBOOK
949 _a956.94 F34
_wDEWEY
_c1
_i47223
_lCCODEBUL1
_mBUL
_p00.00
_r0
_sY
_tBOOK
_u2015-06-24
_xTEOLOGIA
_PP35
_0COMPRA
_o.STAFF. Colección General
596 _a1
999 _a956.94 F34
_wDEWEY
_c23772
_i47223
_f2021-11-12
_g5
_lCCODEBUL1
_mBUL
_r0
_sY
_tBOOK
_u2015-6-24
_xTEOLOGIA
_PP35
_0COMPRA
_o.STAFF. Colección General
_d23772
980 _81
_gALBERTO SANCHEZ Responsable de Automatización